... Baby One More Time - Britney Spears (All Lyrics) - Statistics

General Stats
  • This quiz has been taken 4,013 times
  • The average score is 249 of 293
Answer Stats
Lyrics % Correct
baby,
99%
baby.
99%
baby
99%
I
99%
I)
99%
me
98%
me,
98%
me.
98%
more
97%
Oh,
97%
oh,
97%
one
97%
time.
96%
Hit
95%
a
94%
you
94%
you.
94%
you,
94%
be.
91%
be
91%
My
91%
my
91%
is
90%
to
89%
And
88%
(And
88%
and
88%
killing
87%
know
87%
know?
87%
that
87%
That
87%
still
86%
(still
86%
believe
85%
believe).
85%
believe.
85%
must
85%
confess,
84%
confess
84%
Give
84%
give
84%
How
84%
how
84%
was
83%
loneliness
82%
sign.
82%
go.
80%
supposed
80%
I'm
78%
it
78%
it.
78%
mind.
78%
now
77%
now,
77%
now.
77%
with
77%
not
76%
When
76%
lose
75%
want
75%
let
74%
right
74%
have
73%
something
73%
need
72%
Tell
71%
wasn't
71%
here?
69%
here
69%
shouldn't
69%
Show
69%
'cause
67%
The
64%
the
64%
because...
63%
do.
60%
you're
58%
yeah.
54%
will
49%
of
47%
out
47%
Don't
44%
got
42%
reason
39%
sight,
38%
It's
37%
pretty
36%
Boy,
33%
way
32%
wouldn't
31%
nothing
30%
There's
29%
breathe
28%
planned
27%
blinded.
18%
No matching quizzes found
Score Distribution
Percent of People with Each Score
Percentile by Number Answered
Your Score History
You have not taken this quiz